LEADER 01146nam0-22003371i-450- 001 990003103730403321 010 $a2-11-086736-1 035 $a000310373 035 $aFED01000310373 035 $a(Aleph)000310373FED01 035 $a000310373 100 $a20000920d1991----km-y0itay50------ba 101 0 $aita 102 $aIT 200 1 $aIntégration régional et ajustement structurel en Afrique sub-saharienne$fSous la diréction de Jean Coussy, Philippe Hugon$gavec la collaboration du CERED-LAREA$gCoordination$eSuzanne Quiers-Valette...[et al.]. 210 $aParis$cMinistère de la coopération et du developpement$d1991. 215 $a306 p.$d24 cm 610 0 $aAfrica subsahariana$aIntegrazione regionale 676 $aF/1.12 676 $aO/1.241 702 1$aCoussy,$bJean 702 1$aHugon,$bPhilippe 702 1$aQuiers-Valette,$bSuzanne 801 0$aIT$bUNINA$gRICA$2UNIMARC 901 $aBK 912 $a990003103730403321 952 $aF/1.12 COU$b12496$fSES 959 $aSES 996 $aIntégration régional et ajustement structurel en Afrique sub-saharienne$9461950 997 $aUNINA DB $aING01 LEADER 01314nam0-22004451i-450 001 990000019980203316 005 20210210114151.0 010 $a0-19-288094-2 035 $a0001998 035 $aUSA010001998 035 $a(ALEPH)000001998USA01 035 $a0001998 100 $a20000914d1998----km-y0ITAy01------ba 101 0 $aita 105 $a||||||||001yy 200 1 $a12 gothic tales$fselected and introduced by Richard Dalby 210 $aOxford [etc.]$cOxford University$d1998 215 $aVIII, 221 p.$d20 cm 676 $a823.0872908 702 1$aDALBY,$bRichard 912 $a990000019980203316 951 $aVII.3.B. 287$b149676 L.M.$cVII.3.A. 959 $aBK 969 $aUMA 979 $c20000914$lUSA01$h1710 979 $c20001019$lUSA01$h1053 979 $c20001019$lUSA01$h1451 979 $c20001019$lUSA01$h1458 979 $c20001019$lUSA01$h1536 979 $c20001024$lUSA01$h1512 979 $c20001027$lUSA01$h1516 979 $c20001027$lUSA01$h1520 979 $c20001110$lUSA01$h1708 979 $c20001124$lUSA01$h1205 979 $aPATTY$b90$c20020301$lUSA01$h1045 979 $c20020403$lUSA01$h1609 979 $aPATRY$b90$c20040406$lUSA01$h1603 979 $aCOPAT5$b90$c20050720$lUSA01$h1454 996 $a12 gothic tales$91765583 997 $aUNISA